2014 Worldwide Box Office - Statistics

General Stats
  • This quiz has been taken 14 times
  • The average score is 7 of 10
Answer Stats
Rank Movie Title Worldwide Box Office (USD) Distributor/Studio Genre % Correct
3 Guardians of the Galaxy $770,882,395 Disney Superhero/Comics
90%
7 Captain America: The Winter Soldier $714,401,889 Disney Superhero/Comics
80%
9 The Amazing Spider-Man 2 $709,672,746 Sony Superhero/Comics
80%
4 The Hunger Games: Mockingjay - Part 1 $766,575,131 Lionsgate Sci-Fi/Dystopia
80%
1 Transformers: Age of Extinction $1,104,054,072 Paramount Sci-Fi/Fantasy
80%
6 X-Men: Days of Future Past $747,862,775 20th Century Fox Superhero/Comics
60%
10 Big Hero 6 $646,584,368 Disney Family/Animation
50%
2 The Hobbit: The Battle of the Five Armies $940,323,039 Warner Bros. Fantasy
50%
8 Dawn of the Planet of the Apes $710,644,566 20th Century Fox Sci-Fi/Dystopia
40%
5 Maleficent $758,536,735 Disney Family/Fantasy
40%
No matching quizzes found
Score Distribution
Percent of People with Each Score
Percentile by Number Answered
Your Score History
You have not taken this quiz